LEADER 01781nam 2200433Ia 450 001 996390228103316 005 20221107141948.0 035 $a(CKB)1000000000651525 035 $a(EEBO)2240904443 035 $a(OCoLC)9920467500971 035 $a(EXLCZ)991000000000651525 100 $a19950918d1603 uy | 101 0 $aeng 135 $aurbn||||a|bb| 200 10$aBy the King$b[electronic resource] $ea proclamation against inmates and multitudes of dwellers in strait roomes and places in and about the cities of London, and for the rasing and pulling downe of certaine new erected buildings 210 $aImprinted at London $cBy Robert Barker, Printer to the Kings most Excellent Maiestie$dAnno Dom. 1603 215 $a1 sheet ([1] p.) 300 $aImperfect: cropped. 300 $a"Giuen at his Maiesties Mannor of Woodstocke, the sixteenth day of September, in the first yeere of our Raigne of England, France and Ireland, and of Scotland the seuen and thirtieth." 300 $aReproduction of original in: Society of Antiquaries. 330 $aeebo-0147 606 $aSlums$zEngland$zLondon 606 $aLodging-houses$zEngland$zLondon$vEarly works to 1800 606 $aHousing and health$zEngland$zLondon$vEarly works to 1800 606 $aPlague$zEngland$zLondon$xPrevention 607 $aGreat Britain$xHistory$yJames I, 1603-1625 608 $aBroadsides$zLondon (England)$y17th century.$2rbgenr 615 0$aSlums 615 0$aLodging-houses 615 0$aHousing and health 615 0$aPlague$xPrevention. 701 $aJames$cKing of England,$f1566-1625.$01001019 801 0$bEBK 801 1$bEBK 801 2$bWaOLN 906 $aBOOK 912 $a996390228103316 996 $aBy the King$92299281 997 $aUNISA LEADER 01934oam 2200517M 450 001 9910716160903321 005 20200213070919.1 035 $a(CKB)5470000002518505 035 $a(OCoLC)1065606139 035 $a(OCoLC)995470000002518505 035 $a(EXLCZ)995470000002518505 100 $a20071213d1926 ua 0 101 0 $aeng 135 $aurcn||||||||| 181 $ctxt$2rdacontent 182 $cc$2rdamedia 183 $acr$2rdacarrier 200 10$aSurvey of battlefield at Pea Ridge, Ark. May 6 (calendar day, May 8), 1926. -- Ordered to be printed 210 1$a[Washington, D.C.] :$c[U.S. Government Printing Office],$d1926. 215 $a1 online resource (1 pages) 225 1 $aSenate report / 69th Congress, 1st session. Senate ;$vno. 782 225 1 $a[United States congressional serial set] ;$v[serial no. 8526] 300 $aBatch processed record: Metadata reviewed, not verified. Some fields updated by batch processes. 300 $aFDLP item number not assigned. 517 $aSurvey of battlefield at Pea Ridge, Ark. May 6 606 $aBattlefields 606 $aHistoric preservation 606 $aLegislative amendments 606 $aMilitary parks 607 $aMissouri$xHistory$yCivil War, 1861-1865$xCampaigns 607 $aArkansas$xHistory$yCivil War, 1861-1865$xCampaigns 607 $aUnited States$xHistory$yCivil War, 1861-1865 608 $aLegislative materials.$2lcgft 615 0$aBattlefields. 615 0$aHistoric preservation. 615 0$aLegislative amendments. 615 0$aMilitary parks. 701 $aWadsworth$b James Wolcott$f1877-1952$pRepublican (NY)$01386831 801 0$bWYU 801 1$bWYU 801 2$bOCLCO 801 2$bOCLCQ 906 $aBOOK 912 $a9910716160903321 996 $aSurvey of battlefield at Pea Ridge, Ark. May 6 (calendar day, May 8), 1926. -- Ordered to be printed$93524147 997 $aUNINA